LEADER 01183nam a2200265 4500 001 000000354127 003 CaOOAMICUS 005 20230710112714.0 008 230609s2019 it a 000 u ita r 020 $a978-88-99005-82-5 040 $aSeMil$bita 100 1 $aMauri, Bernardino.$0(OLS)http://semarc/name/6256 245 10$aFra Giovanni Nadiani, sacramentino :$buna vita a servizio di Dio e del prossimo /$cBernardo Mauri. 264 1$aPonteranica (BG) :$bCentro Eucaristico,$c2019. 300 $a53 p. :$bill. ;$c18 cm 541 0 $aOmaggio mons. Mario Delpini (5B III 68/10) 600 14$aNadiani, Giovanni .$0(OLS)http://semarc/subject/53934 850 $aSeMil 852 $aSeMil$W1$xVenegono$y1$m5B III 68/10$j242093$B245368$CSeMilBibl$Z2$F245368 $81 941 1 $a7 961 $aOmaggio mons. Mario Delpini 996 $6020$a978-88-99005-82-5$9(OLS)http://semarc/number/298296 996 $6245$aFra Giovanni Nadiani, sacramentino :$buna vita a servizio di Dio e del prossimo$9(OLS)http://semarc/title/444263 996 $6264$aPonteranica (BG) :$bCentro Eucaristico$9(OLS)http://semarc/publisher/35296 LEADER 01994nam a2200361 i 4500 001 000000038987 003 CaOOAMICUS 005 20090321000000.0 008 090321s1991 it u000 u ita u 013 $a9634 020 $a88-7706-093-X 040 $aSeMil$bita 100 1 $aBertoli, Bruno <1928-2011>.$0(OLS)http://semarc/name/18808 245 10$aPatriarcato di Venezia /$cBruno Bertoli ... [et al.] ; a cura di Silvio Tramontin. 260 $aPadova :$bLibreria Editrice Gregoriana,$c1991. 300 $a375 p. :$b1 c. geografica ;$c21 cm. 490 0 $aStoria religiosa del Veneto ;$v1 650 4$aVeneto - Storia.$0(OLS)http://semarc/subject/5197 650 4$aVenezia (Patriarcato) - Storia.$0(OLS)http://semarc/subject/7993 700 1 $aTramontin, Silvio,$d<1919-1997>.$0(OLS)http://semarc/name/9362 774 0 $aTramontin, Silvio <1919-1997>$tFondazione e sviluppo della diocesi ; Venezia tra riforma cattoli o Tramontin. [S.l.].$w()303583 774 0 $aFedalto, Giorgio$tDiocesi nel Medioevo ; Greci e Armeni.$w()303584 774 0 $aNiero, Antonio $tDiocesi dal Seicento alla caduta della Repubblica ; La pietà p regoriana, copyr. 1991. P. 131-185, 279-302, 323-331.$w()303585 774 0 $aBertoli, Bruno <1928-2011>$tChiesa veneziana dalla caduta della Repubblica alle soglie del P. 187-218.$w()303586 774 0 $aMazzucco, Gabriele$tOrdini monastici, mendicanti e predicatori in diocesi di Venezia 1991. P. 253-278.$w()303587 774 0 $aBetto, Bianca$tChiesa ducale.$w()303588 830 0$aStoria religiosa del Veneto ;$v1.$0(OLS)http://semarc/title/414 850 $aSeMil 852 $aSeMil$W1$xVenegono$y1$m3A II 221$j5142$B5142$CSeMilBibl$Z2$F5142 $81 961 $aAcquisto: Casa editrice 996 $6020$a88-7706-093-X$9(OLS)http://semarc/number/8487 996 $6245$aPatriarcato di Venezia$9(OLS)http://semarc/title/55282 996 $6260$aPadova :$bLibreria Editrice Gregoriana$9(OLS)http://semarc/publisher/29777